Locations by Letter - I - Statistics

General Stats
  • This quiz has been taken 16,608 times
    16,560 since last reset
  • The average score is 13 of 20
Answer Stats
Description Location % Correct
Country shaped like a boot Italy
96%
Home to Eyjafjallajökull Iceland
93%
Spanish/Portuguese peninsula Iberia
91%
Where Bono was born Ireland
91%
Not Constantinople / Why they changed it, I can't say Istanbul
91%
Côte d'Ivoire, en Anglais Ivory Coast
91%
Subcontinental country India
88%
Traditional dwelling for the Inuit Igloo
79%
The "Land of Lincoln" Illinois
79%
James Kirk's home state Iowa
73%
River valley in Pakistan; site of an ancient civilzation Indus Valley
62%
Japanese island where U.S. marines raised a flag Iwo Jima
62%
Winter Olympics city Innsbruck
50%
Where Dante visited before Purgatorio and Paradiso Inferno
45%
Sea where you'd find the above Ionian Sea
42%
Where Seoul's major airport is Incheon
38%
Siberian city and RISK territory Irkutsk
38%
Island Odysseus sought to return to Ithaca
38%
Saruman's fortress Isengard
32%
An ancient capital of Persia Isfahan
15%
No matching quizzes found
Score Distribution
Percent of People with Each Score
Percentile by Number Answered
Your Score History
You have not taken this quiz since the last reset